|
|
|
|
| LEADER |
00000cam a2200000 7i4500 |
| 001 |
0000001265 |
| 002 |
000001394 |
| 005 |
20000330.0 |
| 020 |
|
|
|a 074960493X
|
| 090 |
0 |
0 |
|a J 030
|b WOR
|
| 100 |
1 |
|
|a Bright, M
|
| 245 |
1 |
4 |
|a The ozone layer
|c M. Bright ; illustrated by James Macdonald
|
| 260 |
|
|
|a London :
|b Gloucester Press ,
|c 1991
|
| 300 |
|
|
|a 32 p. ;
|c 22 cm.
|
| 490 |
0 |
|
|a World about us
|
| 650 |
0 |
0 |
|a Ozone layer
|x Juvenile literature
|
| 999 |
|
|
|a 026769
|b BUKU
|c JUNIOR REFERENCE
|e PERPUSTAKAAN KOMUNITI CAW KOTA DAMANSARA
|
| 999 |
|
|
|a 031004
|b BUKU
|c RUJUKAN
|e PERPUSTAKAAN KOMUNITI CAW KOTA DAMANSARA
|